[Event "Regionalliga NW 0304"]
[Site "Bayern"]
[Date "2004.04.25"]
[Round "9.7"]
[White "Elzinger, Wilfried"]
[Black "Goetschel, Sebastian"]
[Result "1/2-1/2"]
[WhiteElo "1951"]
[BlackElo "1764"]
[PlyCount "94"]
[EventDate "2003.10.12"]
[EventType "team-tourn"]
[EventRounds "9"]
[EventCountry "GER"]
[SourceTitle "EXT 2006"]
[Source "ChessBase"]
[SourceDate "2005.11.24"]
[SourceVersion "1"]
[SourceVersionDate "2005.11.24"]
[SourceQuality "1"]
[WhiteTeam "Coburg"]
[BlackTeam "Kulmbach"]
[WhiteTeamCountry "GER"]
[BlackTeamCountry "GER"]

1. d4 f5 2. Bf4 Nf6 3. e3 d6 4. c3 g6 5. Qb3 Bg7 6. Nf3 e6 7. Bc4 Qe7 8. Nbd2 0-0 9. 0-0-0 Nc6 10. Be2 Rb8 11. Bg5 b5 12. Ne1 Bd7 13. Nd3 a5 14. Nf4 d5 15. h4 a4 16. Qc2 b4 17. c4 b3 18. axb3 Nb4 19. Qb1 axb3 20. Nxb3 Ba4 21. Nc5 Bxd1 22. Rxd1 e5 23. dxe5 Qxc5 24. exf6 Bxf6 25. Nxd5 Bxb2+ 26. Qxb2 Nxd5 27. Rxd5 Rxb2 28. Rxc5 Rxe2 29. Rxc7 Rxf2 30. g3 Rg2 31. Bf4 Ra8 32. Be5 Raa2 33. Rg7+ Kf8 34. Rd7 Ke8 35. Rd3 Rac2+ 36. Kd1 Rxc4 37. Rd2 Rxd2+ 38. Kxd2 Kd7 39. Ke2 Ke6 40. Bf4 Kd5 41. Kf3 Rc1 42. Bh6 Ke6 43. Bg5 Rc4 44. Bh6 Kf6 45. Ke2 Ke5 46. Kf3 Rc6 47. Bg5 Rc8 1/2-1/2

[Event "Regionalliga NW 0304"]
[Site "Bayern"]
[Date "2004.01.18"]
[Round "5.7"]
[White "Elzinger, Wilfried"]
[Black "Gehlert, Klaus"]
[Result "1-0"]
[WhiteElo "1951"]
[BlackElo "2043"]
[PlyCount "51"]
[EventDate "2003.10.12"]
[EventType "team-tourn"]
[EventRounds "9"]
[EventCountry "GER"]
[SourceTitle "EXT 2006"]
[Source "ChessBase"]
[SourceDate "2005.11.24"]
[SourceVersion "1"]
[SourceVersionDate "2005.11.24"]
[SourceQuality "1"]
[WhiteTeam "Coburg"]
[BlackTeam "Wuerzburg II"]
[WhiteTeamCountry "GER"]
[BlackTeamCountry "GER"]

1. d4 d5 2. Bf4 Nf6 3. e3 g6 4. Be2 Bg7 5. Nd2 0-0 6. g4 c5 7. g5 Nfd7 8. c3 e5 9. dxe5 Nxe5 10. Ngf3 Nbc6 11. Nxe5 Nxe5 12. Nf3 Nxf3+ 13. Bxf3 d4 14. cxd4 cxd4 15. 0-0 Re8 16. Qb3 Re7 17. Rfd1 Be6 18. Qb4 Rc8 19. Bxb7 Rc2 20. Be4 Rc4 21. Qb5 a5 22. b3 Rb4 23. Qc6 Bc8 24. Qa8 Qe8 25. Bc6 Bb7 26. Qxe8+ 1-0

[Event "Regionalliga NW 0304"]
[Site "Bayern"]
[Date "2003.12.14"]
[Round "4.6"]
[White "Elzinger, Wilfried"]
[Black "Plakidine, Alexej"]
[Result "1/2-1/2"]
[WhiteElo "1951"]
[BlackElo "1917"]
[PlyCount "116"]
[EventDate "2003.10.12"]
[EventType "team-tourn"]
[EventRounds "9"]
[EventCountry "GER"]
[SourceTitle "EXT 2006"]
[Source "ChessBase"]
[SourceDate "2005.11.24"]
[SourceVersion "1"]
[SourceVersionDate "2005.11.24"]
[SourceQuality "1"]
[WhiteTeam "Coburg"]
[BlackTeam "Hof"]
[WhiteTeamCountry "GER"]
[BlackTeamCountry "GER"]

1. d4 Nf6 2. Bf4 e6 3. e3 c5 4. c3 Nc6 5. Nd2 cxd4 6. exd4 Be7 7. Bd3 d6 8. Qe2 0-0 9. 0-0-0 Bd7 10. Kb1 Qb6 11. Nc4 Qc7 12. Ne3 a6 13. g4 b5 14. g5 Ne8 15. Nc2 Qb7 16. Nf3 b4 17. cxb4 Nxb4 18. Nxb4 Qxb4 19. Bxh7+ Kxh7 20. Qe4+ Kg8 21. Qxa8 Nc7 22. Qe4 Rb8 23. Bc1 Nd5 24. Ka1 Nc3 25. Qe1 Nxd1 26. Qxb4 Rxb4 27. Rxd1 Rc4 28. Be3 e5 29. dxe5 Bg4 30. exd6 Bd8 31. Ne5 Bxd1 32. Nxc4 Kf8 33. b3 Ke8 34. Kb2 Kd7 35. Kc3 f6 36. h4 Kc6 37. Kd4 Bf3 38. Bf4 Bh5 39. Ke4 Bg6+ 40. Kd4 Bh5 41. a4 Bg6 42. b4 Bf7 43. a5 Kb5 44. Ne3 Kxb4 45. Nd5+ Kb5 46. gxf6 gxf6 47. Bg3 Kc6 48. Nc7 Kd7 49. Nxa6 Bxa5 50. Nc5+ Ke8 51. Ne4 Bb6+ 52. Kc3 Bd8 53. Kd3 f5 54. Ng5 Bxg5 55. hxg5 Kd7 56. Kd4 Ke6 57. Kc5 Be8 58. Kb6 Kd7 1/2-1/2

[Event "Regionalliga NW 0203"]
[Site "Bayern"]
[Date "2003.02.09"]
[Round "6.6"]
[White "Vogt, Thomas"]
[Black "Elzinger, Wilfried"]
[Result "1/2-1/2"]
[WhiteElo "1986"]
[BlackElo "1946"]
[PlyCount "86"]
[EventDate "2002.10.20"]
[EventType "team-tourn"]
[EventRounds "9"]
[EventCountry "GER"]
[SourceTitle "EXT 2004"]
[Source "ChessBase"]
[SourceDate "2003.11.25"]
[SourceVersion "1"]
[SourceVersionDate "2003.11.25"]
[SourceQuality "1"]
[WhiteTeam "Wuerzburg II"]
[BlackTeam "Coburg"]
[WhiteTeamCountry "GER"]
[BlackTeamCountry "GER"]

1. e4 g6 2. d4 Bg7 3. Nf3 d6 4. h3 Nc6 5. Be3 e5 6. Nc3 a6 7. a4 Nge7 8. Bc4 0-0 9. 0-0 Bd7 10. Qd2 exd4 11. Nxd4 Nxd4 12. Bxd4 Bxd4 13. Qxd4 Nc6 14. Qd2 Qh4 15. f4 Be6 16. Bd5 Bxd5 17. Nxd5 Rac8 18. Qc3 f5 19. Rae1 Ne7 20. Nxe7+ Qxe7 21. exf5 Qf7 22. fxg6 hxg6 23. Re3 Rce8 24. Rg3 Re6 25. h4 Kh7 26. f5 Kh6 27. Qd2+ Kg7 28. h5 Rf6 29. Rxg6+ Rxg6 30. hxg6 Qc4 31. Qe3 Kf6 32. Re1 Rg8 33. Qe7+ Kxf5 34. Rf1+ Kg4 35. Qd7+ Kg5 36. Qf5+ Kh6 37. Qh3+ Kxg6 38. Qf5+ Kh6 39. Qf6+ Rg6 40. Qf8+ Kg5 41. Qf5+ Kh6 42. Qf8+ Kg5 43. Qf5+ Kh6 1/2-1/2

[Event "Regionalliga NW 0102"]
[Site "Bayern"]
[Date "2002.04.14"]
[Round "8.7"]
[White "Becker, Thomas4"]
[Black "Elzinger, Wilfried"]
[Result "1/2-1/2"]
[WhiteElo "1830"]
[BlackElo "1975"]
[PlyCount "38"]
[EventDate "2001.10.07"]
[EventType "team-tourn"]
[EventRounds "9"]
[EventCountry "GER"]
[SourceTitle "EXT 2003"]
[Source "ChessBase"]
[SourceDate "2002.11.25"]
[SourceVersion "1"]
[SourceVersionDate "2002.11.25"]
[SourceQuality "1"]
[WhiteTeam "Obernau"]
[BlackTeam "Coburg"]
[WhiteTeamCountry "GER"]
[BlackTeamCountry "GER"]

1. e4 e5 2. Nf3 Nc6 3. Bb5 a6 4. Ba4 Nf6 5. 0-0 d6 6. Re1 Be7 7. c3 b5 8. Bc2 0-0 9. h3 Bb7 10. d4 Nd7 11. Be3 Na5 12. Nbd2 h6 13. Nf1 c5 14. d5 Bc8 15. Ng3 Nc4 16. Bc1 Re8 17. Nf5 Nf8 18. b3 Nb6 19. Be3 Ng6 1/2-1/2

[Event "Regionalliga NW 0102"]
[Site "Bayern"]
[Date "2001.11.25"]
[Round "3.6"]
[White "Elzinger, Wilfried"]
[Black "Kinkelin, Ulrich"]
[Result "0-1"]
[WhiteElo "1975"]
[BlackElo "1910"]
[PlyCount "76"]
[EventDate "2001.10.07"]
[EventType "team-tourn"]
[EventRounds "9"]
[EventCountry "GER"]
[SourceTitle "EXT 2003"]
[Source "ChessBase"]
[SourceDate "2002.11.25"]
[SourceVersion "1"]
[SourceVersionDate "2002.11.25"]
[SourceQuality "1"]
[WhiteTeam "Coburg"]
[BlackTeam "Wuerzburg II"]
[WhiteTeamCountry "GER"]
[BlackTeamCountry "GER"]

1. d4 Nf6 2. Bf4 d6 3. e3 g6 4. Nd2 Bg7 5. Be2 Nbd7 6. Ngf3 Nh5 7. Bg5 h6 8. Bh4 g5 9. Bg3 Nxg3 10. hxg3 e5 11. c3 Qe7 12. Qb3 c6 13. 0-0-0 b5 14. dxe5 Nc5 15. Qc2 dxe5 16. Ne4 Nb7 17. Qd2 Be6 18. b3 Bd5 19. Qc2 Qa3+ 20. Kb1 f5 21. Ned2 Nd6 22. Qb2 Qc5 23. b4 Qb6 24. Nb3 Ne4 25. Rhf1 0-0 26. Ne1 f4 27. gxf4 gxf4 28. exf4 Nxf2 29. Rxd5 cxd5 30. Qd2 Rad8 31. fxe5 Ne4 32. Rxf8+ Bxf8 33. Qd3 Qg1 34. Bf1 Nxc3+ 35. Kc2 Ne4 36. Nc5 Bxc5 37. bxc5 Qxc5+ 38. Kb2 Qb4+ 0-1

[Event "Regionalliga NW 9697"]
[Site "Bayern"]
[Date "1997.??.??"]
[Round "?"]
[White "Artamonov, Sergej"]
[Black "Elzinger, Wilfried"]
[Result "1/2-1/2"]
[WhiteElo "1995"]
[BlackElo "1940"]
[PlyCount "132"]
[EventDate "1996.10.??"]
[EventType "team-tourn"]
[EventRounds "9"]
[EventCountry "GER"]
[SourceTitle "EXT 1999"]
[Source "ChessBase"]
[SourceDate "1998.11.16"]
[SourceVersion "1"]
[SourceVersionDate "1998.11.16"]
[SourceQuality "1"]
[WhiteTeam "Hof SK II"]
[BlackTeam "Coburg"]
[WhiteTeamCountry "GER"]
[BlackTeamCountry "GER"]

1. d4 f5 2. e4 fxe4 3. Nc3 Nf6 4. Bg5 g6 5. f3 e3 6. Bxe3 d5 7. Bd3 Bg7 8. Nge2 0-0 9. Qd2 Nc6 10. Bb5 e6 11. Bh6 Nh5 12. Bxg7 Nxg7 13. 0-0-0 Bd7 14. Ng3 a6 15. Bf1 b5 16. h4 Be8 17. h5 gxh5 18. Nge2 Qf6 19. Kb1 Bg6 20. f4 Nf5 21. g3 Nd6 22. b3 Nf5 23. Bg2 Qf7 24. Bf3 Nh6 25. Ng1 Ng4 26. Nh3 Nb4 27. Rc1 Qf5 28. Kb2 Nc6 29. Rhe1 Rad8 30. Re2 Rd6 31. Rce1 Nd8 32. Ng5 c6 33. Nh3 Qf6 34. Kb1 Bf5 35. Bg2 Nb7 36. Ng5 h6 37. Nf3 Kg7 38. Rh1 Qf7 39. Ne5 Nxe5 40. Rxe5 Bg4 41. Nd1 Qg6 42. Nf2 Rf5 43. Nd3 Rxe5 44. Nxe5 Qe8 45. Bf3 Bxf3 46. Nxf3 Qg6 47. Qe3 Qe4 48. Qf2 Qf5 49. Re1 Nd8 50. Ne5 Nf7 51. Re3 Qh7 52. Qh2 Nxe5 53. Rxe5 Qg6 54. Rxh5 Rd7 55. Re5 Rf7 56. Qh4 Rf6 57. a3 Kf7 58. Re3 Rf5 59. Qd8 Qf6 60. Qc7+ Kg6 61. Re5 Rxe5 62. dxe5 Qg7 63. Qxc6 Kf5 64. Qe8 Qxg3 65. Qf7+ Ke4 66. Qxe6 Qxf4 1/2-1/2

[Event "Regionalliga NW 9596"]
[Site "Bayern"]
[Date "1996.??.??"]
[Round "?"]
[White "Bachmann, Wolfgang"]
[Black "Elzinger, Wilfried"]
[Result "1/2-1/2"]
[WhiteElo "1945"]
[BlackElo "1940"]
[PlyCount "85"]
[EventDate "1995.10.??"]
[EventType "team-tourn"]
[EventRounds "9"]
[EventCountry "GER"]
[SourceTitle "EXT 1999"]
[Source "ChessBase"]
[SourceDate "1998.11.16"]
[SourceVersion "1"]
[SourceVersionDate "1998.11.16"]
[SourceQuality "1"]
[WhiteTeam "Burgsinn"]
[BlackTeam "Coburg"]
[WhiteTeamCountry "GER"]
[BlackTeamCountry "GER"]

1. d4 f5 2. Nf3 Nf6 3. Bg5 e6 4. Nbd2 Be7 5. Bxf6 Bxf6 6. c3 d5 7. e3 Nd7 8. Bd3 c6 9. h4 g6 10. g3 Qe7 11. Qc2 b6 12. a4 0-0 13. 0-0 h6 14. Kg2 Bb7 15. a5 Kg7 16. a6 Bc8 17. c4 g5 18. hxg5 hxg5 19. Rh1 g4 20. Ng1 Bg5 21. cxd5 cxd5 22. Qc6 Rb8 23. Ne2 Nf6 24. Rac1 Rf7 25. Rc2 Ne8 26. Bb5 Nc7 27. Ra1 Nxb5 28. Qxb5 Bd7 29. Qd3 Qd6 30. Nf4 Rh8 31. Qa3 Qb8 32. Rac1 Be7 33. Qa1 Bd6 34. Rh1 Kf6 35. Rcc1 Bb5 36. Nb1 Rfh7 37. Nc3 Bc4 38. Nce2 b5 39. Rxh7 Rxh7 40. Rh1 Qh8 41. Rxh7 Qxh7 42. Qd1 b4 43. Qa4 1/2-1/2

[Event "Regionalliga NW 9697"]
[Site "Bayern"]
[Date "1996.??.??"]
[Round "?"]
[White "Bebersdorf, Claus"]
[Black "Elzinger, Wilfried"]
[Result "1/2-1/2"]
[WhiteElo "2020"]
[BlackElo "1940"]
[PlyCount "28"]
[EventDate "1996.10.??"]
[EventType "team-tourn"]
[EventRounds "9"]
[EventCountry "GER"]
[SourceTitle "EXT 1999"]
[Source "ChessBase"]
[SourceDate "1998.11.16"]
[SourceVersion "1"]
[SourceVersionDate "1998.11.16"]
[SourceQuality "1"]
[WhiteTeam "Schweinfurt Fr"]
[BlackTeam "Coburg"]
[WhiteTeamCountry "GER"]
[BlackTeamCountry "GER"]

1. e4 e6 2. d4 b6 3. Bd3 Bb7 4. Nf3 c5 5. c3 Nf6 6. Qe2 cxd4 7. cxd4 Bb4+ 8. Nc3 Qc8 9. Bd2 Ba6 10. Bxa6 Qxa6 11. Nb5 Bxd2+ 12. Nxd2 Kd8 13. Nc3 Qxe2+ 14. Nxe2 d5 1/2-1/2

[Event "Regionalliga NW 9697"]
[Site "Bayern"]
[Date "1996.??.??"]
[Round "?"]
[White "Elzinger, Wilfried"]
[Black "Bittner, Harald"]
[Result "1/2-1/2"]
[WhiteElo "1940"]
[BlackElo "1960"]
[PlyCount "85"]
[EventDate "1996.10.??"]
[EventType "team-tourn"]
[EventRounds "9"]
[EventCountry "GER"]
[SourceTitle "EXT 1999"]
[Source "ChessBase"]
[SourceDate "1998.11.16"]
[SourceVersion "1"]
[SourceVersionDate "1998.11.16"]
[SourceQuality "1"]
[WhiteTeam "Coburg"]
[BlackTeam "Bad Neustadt"]
[WhiteTeamCountry "GER"]
[BlackTeamCountry "GER"]

1. d4 f5 2. Bf4 Nf6 3. c4 e6 4. Nc3 b6 5. e3 Bb7 6. Nf3 Bb4 7. a3 Bxc3+ 8. bxc3 0-0 9. Bd3 Ne4 10. Qb3 d6 11. 0-0 Qe8 12. Bxe4 Bxe4 13. Nd2 Bd3 14. Rfe1 e5 15. c5+ Qf7 16. Qxf7+ Rxf7 17. dxe5 dxc5 18. Bg5 h6 19. Bh4 g5 20. Bg3 Nc6 21. f4 Nd8 22. h4 Ne6 23. hxg5 hxg5 24. Nf3 Rg7 25. Kf2 Rd8 26. Nxg5 Nxg5 27. fxg5 Be4 28. Rad1 Rgd7 29. Rxd7 Rxd7 30. e6 Re7 31. Rd1 Rxe6 32. Rd7 Rg6 33. Rxc7 Rxg5 34. Rxa7 Rg6 35. Rc7 Kf8 36. Rd7 Ke8 37. Rc7 Kd8 38. Ra7 Kc8 39. Rh7 Kd8 40. Bh4+ Kc8 41. g3 Rd6 42. Ke2 Rd7 43. Rxd7 1/2-1/2

[Event "Regionalliga NW 9596"]
[Site "Bayern"]
[Date "1995.??.??"]
[Round "?"]
[White "Elzinger, Wilfried"]
[Black "Poppe, Heiko"]
[Result "0-1"]
[WhiteElo "1940"]
[BlackElo "1895"]
[PlyCount "72"]
[EventDate "1995.10.??"]
[EventType "team-tourn"]
[EventRounds "9"]
[EventCountry "GER"]
[SourceTitle "EXT 1999"]
[Source "ChessBase"]
[SourceDate "1998.11.16"]
[SourceVersion "1"]
[SourceVersionDate "1998.11.16"]
[SourceQuality "1"]
[WhiteTeam "Coburg"]
[BlackTeam "Bad Neustadt"]
[WhiteTeamCountry "GER"]
[BlackTeamCountry "GER"]

1. d4 e6 2. Bf4 f5 3. e3 Nf6 4. c4 d5 5. c5 Nbd7 6. Nc3 c6 7. b4 Ne4 8. Nxe4 fxe4 9. Ne2 Qf6 10. h4 e5 11. Bg3 b6 12. Rc1 Ba6 13. Nc3 Bxf1 14. Rxf1 Be7 15. Qh5+ g6 16. dxe5 Qe6 17. Qe2 Nxe5 18. Bxe5 Qxe5 19. Qa6 0-0 20. g3 Rfc8 21. Qa3 Rd8 22. Ne2 a5 23. Nd4 axb4 24. Nxc6 Rxa3 25. Nxe5 Bxc5 26. Rc2 Rda8 27. Nd7 Rxa2 28. Rxa2 Rxa2 29. Nf6+ Kf7 30. Nxd5 b3 31. Kd1 Ra1+ 32. Ke2 Rxf1 33. Kxf1 Bb4 34. Nxb4 b2 35. Nc6 b1Q+ 36. Kg2 b5 0-1

[Event "Regionalliga NW 9495"]
[Site "Bayern"]
[Date "1994.??.??"]
[Round "?.7"]
[White "Schandel, Dietmar"]
[Black "Elzinger, Wilfried"]
[Result "1/2-1/2"]
[WhiteElo "1885"]
[BlackElo "1980"]
[PlyCount "86"]
[EventDate "1994.10.??"]
[EventType "team-tourn"]
[EventRounds "9"]
[EventCountry "GER"]
[SourceTitle "EXT 1999"]
[Source "ChessBase"]
[SourceDate "1998.11.16"]
[SourceVersion "1"]
[SourceVersionDate "1998.11.16"]
[SourceQuality "1"]
[WhiteTeam "Grossw"]
[BlackTeam "Coburg"]
[WhiteTeamCountry "GER"]
[BlackTeamCountry "GER"]

1. e4 e6 2. d4 b6 3. Nf3 Bb7 4. Bd3 c5 5. c3 d5 6. e5 cxd4 7. cxd4 Bb4+ 8. Nbd2 Nc6 9. 0-0 f5 10. exf6 Qxf6 11. Nb3 h6 12. Qe2 Nge7 13. a3 Bd6 14. Re1 Bc8 15. Bd2 0-0 16. Bc3 Ng6 17. Bxg6 Qxg6 18. Rad1 Bd7 19. Nh4 Qg5 20. g3 Rf7 21. Bd2 Qf6 22. Be3 g5 23. Ng2 Ne7 24. f4 Ba4 25. Qd3 g4 26. Nh4 Nf5 27. Nxf5 Qxf5 28. Rd2 Rc7 29. Nc1 Rac8 30. Qxf5 exf5 31. Nd3 Rc2 32. Ne5 Rxd2 33. Bxd2 Rc2 34. Bc3 Bb5 35. a4 Bxa4 36. Ra1 b5 37. Nc6 a6 38. Nd8 a5 39. Nc6 b4 40. Rxa4 bxc3 41. bxc3 Rxc3 42. Nxa5 Ra3 43. Rxa3 Bxa3 1/2-1/2